00403nam a2200169Ia 4500008004100000020001800041050001400059100001600073245002800089245001500117260001500132260001700147260000900164300001400173300002500187440002100212180207s9999 xx 000 0 und d a9780717285846 bB534 2005 aBerry, Joy. 2aA book about fighting / cJoy Berry. aNew York : bScholastic,  c2005 aunpaged : bcolor illustration ; aHelp me be good!